[Event "HUN-chT1 Maroczy 2324"]
[Site "Hungary"]
[Date "2024.04.07"]
[Round "9.7"]
[White "Karacsonyi, Kata"]
[Black "Racz, Zoltan"]
[Result "0-1"]
[WhiteElo "2152"]
[BlackElo "2234"]
[PlyCount "96"]
[EventDate "2023.10.08"]
[EventType "team-tourn"]
[EventRounds "11"]
[EventCountry "HUN"]
[SourceTitle "EXT 2025"]
[Source "ChessBase"]
[SourceDate "2024.10.14"]
[SourceVersion "1"]
[SourceVersionDate "2024.10.14"]
[SourceQuality "1"]
[WhiteTeam "Kobanya Aquarena II"]
[BlackTeam "NYVSC"]
[WhiteTeamCountry "HUN"]
[BlackTeamCountry "HUN"]

1. e4 g6 2. d4 Nf6 3. Nc3 d5 4. e5 Ne4 5. Nxe4 dxe4 6. Ne2 c5 7. c3 Nc6 8. Be3 Bg7 9. Ng3 cxd4 10. cxd4 Qa5+ 11. Bd2 Qb6 12. Bc3 0-0 13. Qb3 Rd8 14. Rd1 Be6 15. Bc4 Qxb3 16. axb3 Bd5 17. 0-0 Rd7 18. Rfe1 Rad8 19. Bxd5 Rxd5 20. Rxe4 Bxe5 21. Ne2 f5 22. Re3 Nxd4 23. Nxd4 Bxd4 24. Bxd4 Rxd4 25. Rde1 R8d7 26. g3 Kf7 27. R1e2 R4d6 28. h4 e6 29. Kg2 Rc6 30. f3 Rd5 31. g4 Kf6 32. g5+ Ke7 33. Kg3 Rd4 34. f4 Rb6 35. Rc2 Kd7 36. h5 gxh5 37. Rh2 e5 38. Rf3 e4 39. Re3 Rd3 40. Rxd3+ exd3 41. Rxh5 h6 42. Kf2 hxg5 43. fxg5 Re6 44. g6 d2 45. Rh1 Re1 46. g7 d1Q 47. g8Q Qe2+ 48. Kg3 Qe3+ 0-1

[Event "HUN-chT1 Maroczy 2324"]
[Site "Hungary"]
[Date "2023.12.10"]
[Round "5.7"]
[White "Kovacs, Apollo"]
[Black "Racz, Zoltan"]
[Result "1/2-1/2"]
[WhiteElo "2167"]
[BlackElo "2234"]
[PlyCount "36"]
[EventDate "2023.10.08"]
[EventType "team-tourn"]
[EventRounds "11"]
[EventCountry "HUN"]
[SourceTitle "EXT 2025"]
[Source "ChessBase"]
[SourceDate "2024.10.14"]
[SourceVersion "1"]
[SourceVersionDate "2024.10.14"]
[SourceQuality "1"]
[WhiteTeam "Pitypalatty"]
[BlackTeam "NYVSC"]
[WhiteTeamCountry "HUN"]
[BlackTeamCountry "HUN"]

1. d4 Nf6 2. Nf3 c5 3. c3 b6 4. Bf4 e6 5. e3 Be7 6. h3 0-0 7. Nbd2 cxd4 8. cxd4 Bb7 9. Bd3 d6 10. 0-0 Nc6 11. a3 e5 12. Bh2 Re8 13. dxe5 dxe5 14. Bb5 e4 15. Nd4 Qd5 16. Rc1 Rec8 17. Nxc6 Bxc6 18. Bc4 Qd7 1/2-1/2

[Event "HUN-chT1 Maroczy 2122"]
[Site "Hungary"]
[Date "2022.02.27"]
[Round "9.4"]
[White "Fusthy, Zsolt"]
[Black "Racz, Zoltan"]
[Result "1/2-1/2"]
[WhiteElo "2228"]
[BlackElo "2274"]
[PlyCount "24"]
[EventDate "2021.10.10"]
[EventType "team-tourn"]
[EventRounds "11"]
[EventCountry "HUN"]
[SourceTitle "EXT 2025"]
[Source "ChessBase"]
[SourceDate "2024.10.14"]
[SourceVersion "1"]
[SourceVersionDate "2024.10.14"]
[SourceQuality "1"]
[WhiteTeam "DVTK"]
[BlackTeam "Nyiregyhaza VSC"]
[WhiteTeamCountry "HUN"]
[BlackTeamCountry "HUN"]

1. d4 g6 2. e4 Bg7 3. Nc3 d6 4. Be3 b6 5. Qd2 Bb7 6. f3 e6 7. Bd3 Nd7 8. Nge2 a6 9. Nd1 c5 10. c3 Ne7 11. Bh6 Bxh6 12. Qxh6 Nc6 1/2-1/2

[Event "HUN-chT2 Barcza 1415"]
[Site "Hungary"]
[Date "2015.04.26"]
[Round "?"]
[White "Lengyel, Laszlo"]
[Black "Racz, Zoltan"]
[Result "0-1"]
[WhiteElo "1949"]
[BlackElo "2223"]
[PlyCount "76"]
[EventDate "2014.09.07"]
[EventType "team-tourn"]
[EventRounds "11"]
[EventCountry "HUN"]
[SourceTitle "EXT 2016"]
[Source "ChessBase"]
[SourceDate "2015.10.08"]
[SourceVersion "1"]
[SourceVersionDate "2015.10.08"]
[SourceQuality "1"]
[WhiteTeam "Tiszavasvar"]
[BlackTeam "Nyiregyhaza"]
[WhiteTeamCountry "HUN"]
[BlackTeamCountry "HUN"]

1. d4 f5 2. c4 Nf6 3. Nc3 g6 4. Nf3 Bg7 5. g3 0-0 6. Bg2 d6 7. 0-0 Qe8 8. b3 c6 9. Qc2 Na6 10. a3 Bd7 11. Bb2 Rc8 12. Rad1 b5 13. cxb5 cxb5 14. b4 Nc7 15. Qb3+ e6 16. Ne1 Na8 17. Nd3 Nb6 18. Ba1 Kh8 19. Nb1 g5 20. Nd2 Qh5 21. e4 fxe4 22. Nxe4 Nxe4 23. Bxe4 Nd5 24. Rc1 Rxc1 25. Nxc1 Bc6 26. Qd1 Qxd1 27. Rxd1 Ne3 28. fxe3 Bxe4 29. Ne2 Bd5 30. Nc3 Bc4 31. Ne4 d5 32. Nd6 g4 33. Nxc4 bxc4 34. Rf1 Rc8 35. Bc3 Bh6 36. Re1 Rf8 37. e4 Rf3 38. Bb2 Bd2 0-1

[Event "HUN-chT2 Barcza 1415"]
[Site "Hungary"]
[Date "2015.03.01"]
[Round "?"]
[White "Racz, Zoltan"]
[Black "Petro, Janos"]
[Result "1/2-1/2"]
[WhiteElo "2223"]
[BlackElo "2048"]
[PlyCount "52"]
[EventDate "2014.09.07"]
[EventType "team-tourn"]
[EventRounds "11"]
[EventCountry "HUN"]
[SourceTitle "EXT 2016"]
[Source "ChessBase"]
[SourceDate "2015.10.08"]
[SourceVersion "1"]
[SourceVersionDate "2015.10.08"]
[SourceQuality "1"]
[WhiteTeam "Nyiregyhaza"]
[BlackTeam "Sajobabony"]
[WhiteTeamCountry "HUN"]
[BlackTeamCountry "HUN"]

1. e4 d5 2. exd5 Nf6 3. d4 Bg4 4. f3 Bf5 5. Bb5+ Nbd7 6. g4 Bg6 7. c4 a6 8. Bxd7+ Nxd7 9. Nh3 h5 10. Nf4 Bxb1 11. Rxb1 hxg4 12. fxg4 Nb6 13. Qe2 Qd7 14. b3 0-0-0 15. Be3 e6 16. dxe6 Bb4+ 17. Kd1 fxe6 18. Kc2 Qc6 19. Rbd1 Nd5 20. Nd3 Ba5 21. Bd2 Bxd2 22. Qxd2 Nf6 23. Ne5 Qe4+ 24. Qd3 Qg2+ 25. Qd2 Qe4+ 26. Qd3 Qg2+ 1/2-1/2

[Event "Prague op-A 14th"]
[Site "Prague"]
[Date "2015.01.14"]
[Round "7"]
[White "Cafolla, Peter"]
[Black "Racz, Zoltan"]
[Result "0-1"]
[WhiteElo "2017"]
[BlackElo "2262"]
[PlyCount "98"]
[EventDate "2015.01.09"]
[EventType "swiss"]
[EventRounds "9"]
[EventCountry "CZE"]
[SourceTitle "CBM 164 Extra"]
[Source "ChessBase"]
[SourceDate "2015.03.02"]
[SourceVersion "1"]
[SourceVersionDate "2015.03.02"]
[SourceQuality "1"]

1. d4 Nf6 2. c4 c5 3. d5 b5 4. cxb5 a6 5. b6 d6 6. Nc3 Qxb6 7. Nf3 g6 8. e4 Bg7 9. Nd2 0-0 10. a4 Nbd7 11. a5 Qa7 12. Nc4 Ne8 13. Be2 Nc7 14. Na4 Nb5 15. Nab6 Rb8 16. Nxc8 Rbxc8 17. 0-0 Nd4 18. Ra3 Rcd8 19. f4 Qb8 20. f5 Nf6 21. Bg5 Nxe4 22. Bxe7 Rfe8 23. Bxd8 Nxe2+ 24. Qxe2 Bd4+ 25. Ne3 Qxd8 26. fxg6 hxg6 27. Rf3 Nf6 28. Kf1 Ng4 29. Rg3 Qf6+ 30. Ke1 Nxe3 31. Rgxe3 Bxe3 32. Rxe3 Rxe3 33. Qxe3 Qxb2 34. Qe8+ Kg7 35. Qc6 Qa1+ 36. Ke2 Qxa5 37. Qxd6 Qa2+ 38. Kf3 Qb3+ 39. Ke2 Qc4+ 40. Kf3 Qd3+ 41. Kf2 Qd4+ 42. Ke2 a5 43. Qc6 a4 44. d6 a3 45. Qa6 Qe5+ 46. Kd3 Qd5+ 47. Kc3 Qd4+ 48. Kc2 Qb2+ 49. Kd3 a2 0-1

[Event "Prague op-A 14th"]
[Site "Prague"]
[Date "2015.01.10"]
[Round "3"]
[White "Andreev, Eduard"]
[Black "Racz, Zoltan"]
[Result "1/2-1/2"]
[WhiteElo "2458"]
[BlackElo "2262"]
[PlyCount "120"]
[EventDate "2015.01.09"]
[EventType "swiss"]
[EventRounds "9"]
[EventCountry "CZE"]
[SourceTitle "CBM 164 Extra"]
[Source "ChessBase"]
[SourceDate "2015.03.02"]
[SourceVersion "1"]
[SourceVersionDate "2015.03.02"]
[SourceQuality "1"]

1. e4 d6 2. d4 Nf6 3. Nc3 g6 4. h3 Bg7 5. Be3 c6 6. Nf3 0-0 7. Qd2 Nbd7 8. a4 Qc7 9. a5 Re8 10. Bc4 Nxe4 11. Nxe4 d5 12. Bb3 dxe4 13. Ng5 Rf8 14. Nxe4 Nf6 15. Nxf6+ Bxf6 16. Bg5 Bxg5 17. Qxg5 Qd6 18. 0-0 Qxd4 19. Qxe7 Qxb2 20. Rad1 Bf5 21. Qxb7 Be6 22. Rb1 Qe5 23. Rbe1 Qxa5 24. Bxe6 fxe6 25. Rxe6 Qb5 26. Qxc6 Qxc6 27. Rxc6 Rfc8 28. Rxc8+ Rxc8 29. Rc1 Kf7 30. Kf1 Ke6 31. Ke2 Kd5 32. Kd3 Rc7 33. Ra1 Kc5 34. c4 Rd7+ 35. Kc3 Re7 36. Ra2 Rf7 37. f3 Re7 38. Ra5+ Kb6 39. Rb5+ Kc6 40. h4 Re2 41. Rg5 Kb6 42. f4 Rf2 43. g3 Rf3+ 44. Kb4 a5+ 45. Rxa5 Rxg3 46. h5 Rf3 47. hxg6 hxg6 48. Rg5 Rxf4 49. Rxg6+ Kc7 50. Kb5 Rf7 51. c5 Rh7 52. Ra6 Kb7 53. c6+ Kb8 54. Kb6 Rb7+ 55. Kc5 Rh7 56. Ra1 Rh2 57. Rb1+ Kc7 58. Rb7+ Kc8 59. Rg7 Rc2+ 60. Kb6 Rb2+ 1/2-1/2

[Event "Prague op-A 14th"]
[Site "Prague"]
[Date "2015.01.10"]
[Round "2"]
[White "Racz, Zoltan"]
[Black "Tesar, Jan"]
[Result "1-0"]
[WhiteElo "2262"]
[BlackElo "2077"]
[PlyCount "83"]
[EventDate "2015.01.09"]
[EventType "swiss"]
[EventRounds "9"]
[EventCountry "CZE"]
[SourceTitle "CBM 164 Extra"]
[Source "ChessBase"]
[SourceDate "2015.03.02"]
[SourceVersion "1"]
[SourceVersionDate "2015.03.02"]
[SourceQuality "1"]

1. e4 c5 2. Nf3 d6 3. d4 cxd4 4. Nxd4 Nf6 5. Nc3 a6 6. h3 e6 7. g4 d5 8. exd5 Nxd5 9. Nde2 Bc5 10. Nxd5 exd5 11. Bg2 Qh4 12. 0-0 0-0 13. Qxd5 Qe7 14. Bg5 Qc7 15. Rad1 Nd7 16. Bf4 Qb6 17. Nc3 Nf6 18. Qf3 Qa7 19. Na4 Re8 20. Qc3 Bb6 21. Nxb6 Qxb6 22. Rd6 Qb5 23. Rd4 a5 24. a4 Qa6 25. Rfd1 Be6 26. Qf3 Rac8 27. g5 Nd5 28. Rxd5 Bxd5 29. Qxd5 Rxc2 30. Be4 Rxb2 31. Qe5 Qe6 32. Qxb2 Qxe4 33. Bg3 Qxa4 34. Rb1 Qd7 35. Kh2 Re7 36. Rc1 h5 37. gxh6 gxh6 38. Qb6 a4 39. Rc7 Re6 40. Qxb7 Qd1 41. Rxf7 Rg6 42. Rd7 1-0

[Event "HUN-chT2 Barcza 1415"]
[Site "Hungary"]
[Date "2014.09.07"]
[Round "?"]
[White "Cselenyi, Balazs"]
[Black "Racz, Zoltan"]
[Result "0-1"]
[WhiteElo "2203"]
[BlackElo "2223"]
[PlyCount "64"]
[EventDate "2014.09.07"]
[EventType "team-tourn"]
[EventRounds "11"]
[EventCountry "HUN"]
[SourceTitle "EXT 2016"]
[Source "ChessBase"]
[SourceDate "2015.10.08"]
[SourceVersion "1"]
[SourceVersionDate "2015.10.08"]
[SourceQuality "1"]
[WhiteTeam "Debrecen Sakkbaratok"]
[BlackTeam "Nyiregyhaza"]
[WhiteTeamCountry "HUN"]
[BlackTeamCountry "HUN"]

1. d4 Nf6 2. c4 e6 3. Nf3 b6 4. a3 Bb7 5. Nc3 g6 6. d5 Bg7 7. g3 0-0 8. Bg2 c6 9. dxe6 dxe6 10. 0-0 Qe7 11. Qc2 c5 12. Rd1 Nc6 13. h3 Rfd8 14. Be3 h6 15. Rxd8+ Rxd8 16. Rd1 Ne8 17. Nb5 Rxd1+ 18. Qxd1 a6 19. Nc3 Na5 20. Qd3 Nd6 21. Nd2 Bxg2 22. Kxg2 Nf5 23. Na4 Nxe3+ 24. Qxe3 Qd7 25. b3 Nxb3 26. Qxb3 Qxd2 27. Qxb6 Qxe2 28. Qxc5 Qe4+ 29. Kf1 Bd4 30. Qb4 Qc2 31. Qb8+ Kg7 32. Qf4 Qxc4+ 0-1

[Event "HUN-chT2 Barcza 1314"]
[Site "Hungary"]
[Date "2014.03.02"]
[Round "8"]
[White "Racz, Zoltan"]
[Black "Zabiak, Jozsef"]
[Result "1-0"]
[WhiteElo "2233"]
[BlackElo "2203"]
[PlyCount "90"]
[EventDate "2013.09.08"]
[EventType "team-tourn"]
[EventRounds "11"]
[EventCountry "HUN"]
[SourceTitle "EXT 2016"]
[Source "ChessBase"]
[SourceDate "2015.10.08"]
[SourceVersion "1"]
[SourceVersionDate "2015.10.08"]
[SourceQuality "1"]
[WhiteTeam "Nyiregyhaza SISE"]
[BlackTeam "Sajobabony"]
[WhiteTeamCountry "HUN"]
[BlackTeamCountry "HUN"]

1. e4 e6 2. d4 d5 3. Nc3 Nf6 4. e5 Nfd7 5. f4 c5 6. Nf3 cxd4 7. Nxd4 Nc6 8. Be3 Bc5 9. Qd2 a6 10. Nb3 Bxe3 11. Qxe3 Qh4+ 12. g3 Qh6 13. 0-0-0 Ndxe5 14. Re1 0-0 15. fxe5 Qxe3+ 16. Rxe3 d4 17. Nxd4 Nxd4 18. Bg2 f6 19. Rd1 Nf5 20. Re2 Rb8 21. Na4 h5 22. Nb6 Kf7 23. Bf3 Kg6 24. Red2 Rf7 25. Rd8 Rc7 26. Rh8 Ne3 27. Rd3 Nd5 28. Bxd5 exd5 29. Nxd5 Rc5 30. e6 Rxd5 31. e7 Bd7 32. Rxb8 Rxd3 33. cxd3 Kf7 34. Rxb7 Kxe7 35. Ra7 g5 36. Kd2 Ke6 37. Rxa6+ Kf5 38. Ke3 h4 39. gxh4 gxh4 40. a3 Kg4 41. Rxf6 Kh3 42. a4 Kxh2 43. a5 Bc8 44. Rc6 Bd7 45. Rc2+ Kg3 1-0

[Event "HUN-chT2 Maroczy 1213"]
[Site "Hungary"]
[Date "2013.03.03"]
[Round "8"]
[White "Racz, Zoltan"]
[Black "Arbutina, Sinisa"]
[Result "1-0"]
[WhiteElo "2235"]
[BlackElo "2280"]
[PlyCount "47"]
[EventDate "2012.09.16"]
[EventType "team-tourn"]
[EventRounds "11"]
[EventCountry "HUN"]
[SourceTitle "EXT 2014"]
[Source "ChessBase"]
[SourceDate "2013.11.20"]
[SourceVersion "1"]
[SourceVersionDate "2013.11.20"]
[SourceQuality "1"]
[WhiteTeam "Kisvarda"]
[BlackTeam "Roeszke"]
[WhiteTeamCountry "HUN"]
[BlackTeamCountry "HUN"]

1. e4 e5 2. Nf3 Nc6 3. Bb5 Bc5 4. c3 Nf6 5. d4 Bb6 6. Nxe5 Nxe5 7. dxe5 Nxe4 8. Qg4 Bxf2+ 9. Ke2 Qh4 10. Qxg7 Rf8 11. Bh6 Bc5 12. Nd2 Qf2+ 13. Kd1 Nxd2 14. Bxd2 c6 15. Rf1 Qh4 16. Be2 d5 17. exd6 Bxd6 18. Bg5 Qxh2 19. Bc4 Qh5+ 20. Kc2 Qg6+ 21. Qxg6 fxg6 22. Rae1+ Kd7 23. Rxf8 Bxf8 24. Rd1+ 1-0

[Event "HUN-chT2 Maroczy 1213"]
[Site "Hungary"]
[Date "2013.02.17"]
[Round "7"]
[White "Racz, Zoltan"]
[Black "Kelemen, Imre"]
[Result "1-0"]
[WhiteElo "2235"]
[BlackElo "2174"]
[PlyCount "127"]
[EventDate "2012.09.16"]
[EventType "team-tourn"]
[EventRounds "11"]
[EventCountry "HUN"]
[SourceTitle "EXT 2014"]
[Source "ChessBase"]
[SourceDate "2013.11.20"]
[SourceVersion "1"]
[SourceVersionDate "2013.11.20"]
[SourceQuality "1"]
[WhiteTeam "Kisvarda"]
[BlackTeam "Debrecen"]
[WhiteTeamCountry "HUN"]
[BlackTeamCountry "HUN"]

1. e4 e5 2. Nf3 Nc6 3. Bb5 a6 4. Ba4 Nf6 5. 0-0 b5 6. Bb3 Be7 7. Re1 0-0 8. h3 d6 9. c3 Na5 10. Bc2 c5 11. d4 cxd4 12. cxd4 Qc7 13. Nbd2 Rd8 14. d5 Bd7 15. Nf1 Rac8 16. Bd3 Be8 17. Ng3 Nd7 18. b3 Nc5 19. Bf1 b4 20. Bd2 Qb6 21. Nf5 Bf8 22. N3h4 f6 23. g4 g6 24. Ng3 Bb5 25. Qf3 Bxf1 26. Nxf1 Bg7 27. Qe2 Nab7 28. Rec1 a5 29. Rc4 Qb5 30. Ng3 Qd7 31. Rac1 Kf7 32. Ng2 Rh8 33. h4 Rhd8 34. Ne3 Qb5 35. g5 fxg5 36. hxg5 Qd7 37. Ng4 Rf8 38. Kg2 Kg8 39. Rh1 Nd3 40. Qxd3 Qxg4 41. Rhc1 Nc5 42. Qe2 Qd7 43. Be3 Qb5 44. Qg4 Rc7 45. Bxc5 dxc5 46. Qe6+ Kh8 47. Rh1 Qe8 48. Qh3 h5 49. gxh6 Bf6 50. d6 Rc6 51. Rd1 Qf7 52. Nf1 Bh4 53. Qxh4 Qf3+ 54. Kg1 Qxd1 55. Qe7 Rg8 56. Qxe5+ Kh7 57. Qe7+ Kh8 58. Qf6+ Kh7 59. Qf7+ Kh8 60. e5 Rcc8 61. Qf6+ Kh7 62. Qe7+ Kh8 63. Rf4 Rce8 64. h7 1-0

[Event "HUN-chT2 Maroczy 1213"]
[Site "Hungary"]
[Date "2013.01.27"]
[Round "6"]
[White "Torok, Sandor"]
[Black "Racz, Zoltan"]
[Result "0-1"]
[WhiteElo "2292"]
[BlackElo "2235"]
[PlyCount "74"]
[EventDate "2012.09.16"]
[EventType "team-tourn"]
[EventRounds "11"]
[EventCountry "HUN"]
[SourceTitle "EXT 2014"]
[Source "ChessBase"]
[SourceDate "2013.11.20"]
[SourceVersion "1"]
[SourceVersionDate "2013.11.20"]
[SourceQuality "1"]
[WhiteTeam "Vasas"]
[BlackTeam "Kisvarda"]
[WhiteTeamCountry "HUN"]
[BlackTeamCountry "HUN"]

1. e4 g6 2. d4 Bg7 3. Nc3 d6 4. f4 Nf6 5. Nf3 0-0 6. Bd3 Nc6 7. h3 e5 8. d5 Ne7 9. fxe5 dxe5 10. g4 c6 11. dxc6 bxc6 12. 0-0 h5 13. g5 Ne8 14. Kg2 Nc7 15. Bc4 Be6 16. Qe2 Qc8 17. Bxe6 Nxe6 18. Qc4 Rb8 19. b3 Qc7 20. Be3 Nc8 21. Rad1 Nd6 22. Qa6 Nb5 23. Ne2 Rfd8 24. c3 Nf4+ 25. Bxf4 exf4 26. c4 Nc3 27. Nxc3 Bxc3 28. c5 Rd7 29. Qc4 Bg7 30. e5 Rxd1 31. Rxd1 Bxe5 32. Qe4 Bg7 33. Rd6 Qa5 34. Qxf4 Qxa2+ 35. Nd2 Rxb3 36. Rd8+ Kh7 37. Qxf7 Rg3+ 0-1

[Event "HUN-chT2 Maroczy 1213"]
[Site "Hungary"]
[Date "2012.11.04"]
[Round "3"]
[White "Racz, Zoltan"]
[Black "Kakuk, Sandor"]
[Result "0-1"]
[WhiteElo "2235"]
[BlackElo "2188"]
[PlyCount "96"]
[EventDate "2012.09.16"]
[EventType "team-tourn"]
[EventRounds "11"]
[EventCountry "HUN"]
[SourceTitle "EXT 2014"]
[Source "ChessBase"]
[SourceDate "2013.11.20"]
[SourceVersion "1"]
[SourceVersionDate "2013.11.20"]
[SourceQuality "1"]
[WhiteTeam "Kisvarda"]
[BlackTeam "Oroshaza"]
[WhiteTeamCountry "HUN"]
[BlackTeamCountry "HUN"]

1. e4 c5 2. Nf3 e6 3. d4 cxd4 4. Nxd4 a6 5. Nc3 Qc7 6. Bd3 Nf6 7. f4 Nc6 8. Nxc6 Qxc6 9. Qe2 Bb4 10. Bd2 d5 11. exd5 Nxd5 12. Be4 0-0 13. Qf3 Qc4 14. Qd3 Qxd3 15. cxd3 Nf6 16. Bf3 Rd8 17. 0-0-0 Rxd3 18. Ne4 Be7 19. Nxf6+ Bxf6 20. Bc3 Rxd1+ 21. Rxd1 Be7 22. Be4 f6 23. g4 Rb8 24. Bc2 b5 25. Ba5 Kf7 26. Bb3 Bb7 27. f5 Rc8+ 28. Kb1 Be4+ 29. Ka1 Bd5 30. Bxd5 exd5 31. a3 Rc4 32. h3 h5 33. gxh5 Rh4 34. Rxd5 Rxh5 35. Ka2 Rxh3 36. Rd7 Ke8 37. Ra7 Rf3 38. Ra8+ Kf7 39. Ra7 Rxf5 40. Bc7 Rd5 41. Rxa6 g5 42. Ra5 g4 43. a4 Rd7 44. Bb8 bxa4 45. Rxa4 f5 46. Bf4 Bd6 47. Ra5 Ke6 48. Ra6 Kd5 0-1

[Event "HUN-chT2 Maroczy 1112"]
[Site "Hungary"]
[Date "2012.05.20"]
[Round "11"]
[White "Racz, Zoltan"]
[Black "Stanciu, Alexandru Ovidiu"]
[Result "1-0"]
[WhiteElo "2279"]
[BlackElo "2288"]
[PlyCount "91"]
[EventDate "2011.09.25"]
[EventType "team-tourn"]
[EventRounds "11"]
[EventCountry "HUN"]
[SourceTitle "EXT 2013"]
[Source "ChessBase"]
[SourceDate "2012.11.22"]
[SourceVersion "1"]
[SourceVersionDate "2012.11.22"]
[SourceQuality "1"]
[WhiteTeam "Nyiregyhaza"]
[BlackTeam "Kisujszallas"]
[WhiteTeamCountry "HUN"]
[BlackTeamCountry "HUN"]

1. e4 c5 2. Nf3 e6 3. d4 cxd4 4. Nxd4 Nc6 5. Nc3 Qc7 6. Be3 a6 7. Qd2 Nf6 8. 0-0-0 Be7 9. f3 h5 10. Kb1 d6 11. Bg5 Bd7 12. Nb3 Rc8 13. Be2 b5 14. Bxb5 axb5 15. Nxb5 Qb8 16. Nxd6+ Qxd6 17. Qxd6 Bxd6 18. Rxd6 Nb8 19. Rhd1 h4 20. Rb6 Rh5 21. Be3 Bc6 22. Nd4 Nfd7 23. Rb4 Ba8 24. Nb5 Ke7 25. a4 Na6 26. Rbd4 Ne5 27. h3 Rhh8 28. b3 Nb8 29. R4d2 f6 30. Bd4 Ned7 31. Bb2 g5 32. Ba3+ Nc5 33. Rd4 Rc6 34. Rd6 Rcc8 35. R6d4 Rc6 36. Rc4 Nba6 37. Nd4 Rcc8 38. b4 Nxa4 39. b5+ Kf7 40. Rxa4 Nc5 41. Ra7+ Kg6 42. Rxa8 Rxa8 43. Bxc5 Ra5 44. Bb4 Ra4 45. Nc6 Rh7 46. Kb2 1-0

[Event "HUN-chT2 Maroczy 1112"]
[Site "Hungary"]
[Date "2012.04.22"]
[Round "9"]
[White "Racz, Zoltan"]
[Black "Banki H, Istvan"]
[Result "1/2-1/2"]
[WhiteElo "2279"]
[BlackElo "2213"]
[PlyCount "36"]
[EventDate "2011.09.25"]
[EventType "team-tourn"]
[EventRounds "11"]
[EventCountry "HUN"]
[SourceTitle "EXT 2013"]
[Source "ChessBase"]
[SourceDate "2012.11.22"]
[SourceVersion "1"]
[SourceVersionDate "2012.11.22"]
[SourceQuality "1"]
[WhiteTeam "Nyiregyhaza"]
[BlackTeam "Oroshaza"]
[WhiteTeamCountry "HUN"]
[BlackTeamCountry "HUN"]

1. e4 d5 2. exd5 Nf6 3. Nf3 Nxd5 4. d4 c6 5. c4 Nf6 6. h3 Nbd7 7. Bd3 Nb6 8. 0-0 Be6 9. Qb3 Qc7 10. Nc3 g6 11. d5 Bd7 12. Bg5 Bg7 13. Rfe1 0-0 14. dxc6 Bxc6 15. Nb5 Bxb5 16. Qxb5 Rad8 17. Bf1 Rc8 18. Rac1 e6 1/2-1/2

[Event "HUN-chT2 Maroczy 1112"]
[Site "Hungary"]
[Date "2012.03.11"]
[Round "7"]
[White "Racz, Zoltan"]
[Black "Kopasz, Robert"]
[Result "1/2-1/2"]
[WhiteElo "2279"]
[BlackElo "2314"]
[PlyCount "186"]
[EventDate "2011.09.25"]
[EventType "team-tourn"]
[EventRounds "11"]
[EventCountry "HUN"]
[SourceTitle "EXT 2013"]
[Source "ChessBase"]
[SourceDate "2012.11.22"]
[SourceVersion "1"]
[SourceVersionDate "2012.11.22"]
[SourceQuality "1"]
[WhiteTeam "Nyiregyhaza"]
[BlackTeam "Maroczy"]
[WhiteTeamCountry "HUN"]
[BlackTeamCountry "HUN"]

1. e4 g6 2. d4 c6 3. Nc3 d5 4. Nf3 Bg4 5. h3 Bxf3 6. Qxf3 dxe4 7. Qxe4 Nf6 8. Qd3 Na6 9. a3 Bg7 10. Be3 0-0 11. Be2 Qa5 12. 0-0 Rad8 13. Qc4 Nc7 14. Qb3 Ncd5 15. Qxb7 Nxc3 16. bxc3 Qxc3 17. Rab1 Nd5 18. Rb3 Qxc2 19. Bd3 Qa2 20. Rd1 Rd7 21. Qxd7 Qxb3 22. Rd2 Qxa3 23. Qxc6 e6 24. Kh2 Qb4 25. Ra2 Bxd4 26. Ra4 Be5+ 27. g3 Qe1 28. Bxa7 Qd2 29. Bc4 Rd8 30. Ra2 Qd1 31. Kg2 Nb4 32. Qe4 Bxg3 33. Rb2 Bd6 34. Bb6 Rc8 35. Be3 Qh5 36. Rd2 Qe5 37. Qh4 Nd5 38. Bxd5 exd5 39. Bd4 Qf4 40. Qf6 Qxf6 41. Bxf6 Rc5 42. Ra2 Rc8 43. Rd2 h6 44. Rxd5 Bf8 45. Rd7 Re8 46. Kf3 Re6 47. Bb2 Be7 48. Rc7 g5 49. Bd4 Kh7 50. Bc5 Rf6+ 51. Kg2 Bd8 52. Rd7 Ba5 53. Bd4 Rf4 54. Be3 Rf5 55. Bd4 Bb4 56. Rd8 f6 57. Rb8 Bd2 58. Rb2 Bf4 59. Rb7+ Kg6 60. Rb6 h5 61. Ra6 Bd2 62. Rd6 Bc1 63. Rc6 Bf4 64. Ra6 g4 65. hxg4 hxg4 66. Re6 Bg5 67. Kg3 Rf3+ 68. Kg2 Rd3 69. Ba7 Ra3 70. Bc5 Rc3 71. Bd4 Rd3 72. Ba7 Bh4 73. Re4 f5 74. Re6+ Kg7 75. Be3 Bf6 76. Ra6 Rb3 77. Ra5 Kg6 78. Ra6 Kf7 79. Ra5 Kg6 80. Ra6 Rd3 81. Bf4 Rd5 82. Bg3 Kf7 83. Ra7+ Kg6 84. Ra6 Kg5 85. Bh4+ Kxh4 86. Rxf6 Rc5 87. Rf8 Kg5 88. Rg8+ Kf4 89. Ra8 Rc4 90. Ra2 Rd4 91. Ra8 Ke4 92. Re8+ Kd3 93. f3 gxf3+ 1/2-1/2

[Event "HUN-chT2 Maroczy 1112"]
[Site "Hungary"]
[Date "2012.01.29"]
[Round "5"]
[White "Laszlo, Janos"]
[Black "Racz, Zoltan"]
[Result "1-0"]
[WhiteElo "2282"]
[BlackElo "2279"]
[PlyCount "111"]
[EventDate "2011.09.25"]
[EventType "team-tourn"]
[EventRounds "11"]
[EventCountry "HUN"]
[SourceTitle "EXT 2013"]
[Source "ChessBase"]
[SourceDate "2012.11.22"]
[SourceVersion "1"]
[SourceVersionDate "2012.11.22"]
[SourceQuality "1"]
[WhiteTeam "Kazincbarcika"]
[BlackTeam "Nyiregyhaza"]
[WhiteTeamCountry "HUN"]
[BlackTeamCountry "HUN"]

1. e4 Nf6 2. e5 Nd5 3. c4 Nb6 4. c5 Nd5 5. Nc3 e6 6. d4 b6 7. cxb6 axb6 8. Nf3 Nxc3 9. bxc3 Ba6 10. Bxa6 Rxa6 11. Ng5 Be7 12. Qh5 Bxg5 13. Bxg5 Qc8 14. 0-0 Qb7 15. Rfe1 Qd5 16. Re3 d6 17. Rf3 g6 18. Qh6 Nd7 19. Qg7 Rf8 20. Re3 dxe5 21. dxe5 Rxa2 22. Rae1 h5 23. h3 Rd2 24. Bh6 Rd3 25. Rxd3 Qxd3 26. Ra1 Qd5 27. c4 Qe4 28. Kh1 Ke7 29. Bg5+ Ke8 30. f3 Qb7 31. Rd1 Qc6 32. Bh6 Qa4 33. Rxd7 Kxd7 34. Qxf8 Qa1+ 35. Kh2 Qxe5+ 36. f4 Qf5 37. Bg5 Kc6 38. Qa8+ Kc5 39. Qd8 c6 40. Kg3 e5 41. fxe5 Qxe5+ 42. Bf4 Qe6 43. Kf3 Kxc4 44. Qxb6 Qd5+ 45. Kf2 Qe4 46. Qa6+ Kb3 47. Qb7+ Kc2 48. Qxf7 c5 49. Qa2+ Kc3 50. Qd2+ Kb3 51. Qe3+ Qxe3+ 52. Kxe3 c4 53. Kd2 c3+ 54. Kc1 Kc4 55. Kc2 Kd4 56. Bg5 1-0

[Event "HUN-chT2 Maroczy 1112"]
[Site "Hungary"]
[Date "2011.11.12"]
[Round "4"]
[White "Leviczki, Tibor"]
[Black "Racz, Zoltan"]
[Result "1-0"]
[WhiteElo "2359"]
[BlackElo "2279"]
[PlyCount "77"]
[EventDate "2011.09.25"]
[EventType "team-tourn"]
[EventRounds "11"]
[EventCountry "HUN"]
[SourceTitle "EXT 2013"]
[Source "ChessBase"]
[SourceDate "2012.11.22"]
[SourceVersion "1"]
[SourceVersionDate "2012.11.22"]
[SourceQuality "1"]
[WhiteTeam "Dunaharaszti"]
[BlackTeam "Nyiregyhaza"]
[WhiteTeamCountry "HUN"]
[BlackTeamCountry "HUN"]

1. e4 e6 2. d4 d5 3. Nc3 Bb4 4. e5 c5 5. a3 Bxc3+ 6. bxc3 Ne7 7. Qg4 Qc7 8. Qxg7 Rg8 9. Qxh7 cxd4 10. Ne2 dxc3 11. f4 Nbc6 12. Qd3 d4 13. Nxd4 Nxd4 14. Qxd4 Bd7 15. Rg1 Nf5 16. Qf2 Qc6 17. Bd3 Qd5 18. Rb1 Bc6 19. Rb3 0-0-0 20. Rxc3 Kb8 21. g4 Nd4 22. Rg3 Qh1+ 23. Bf1 Rxg4 24. Rxg4 Nf3+ 25. Rxf3 Bxf3 26. Qg1 Rd1+ 27. Kf2 Rxc1 28. Qxh1 Bxh1 29. Bd3 Bc6 30. Rg8+ Kc7 31. Rf8 Ra1 32. Rxf7+ Kd8 33. h4 Rh1 34. Rh7 Rh3 35. h5 Rf3+ 36. Ke2 Rxf4 37. h6 Rh4 38. Rh8+ Kc7 39. Ke3 1-0